Ο τουρκικός συντηρητισμός και η ιδέα της Ευρώπης

Saved in:
Bibliographic Details
Corporate Author: Ινστιτούτο Νίκος Πουλαντζάς
Other Authors: Yilmaz, Hakan (Speaker), Πάντος, Παναγιώτης (Translator)
Format: Book
Language:Greek
Turkish
Published: Αθήνα: Ινστιτούτο Νίκος Πουλαντζάς, [2005;].
Series:Παρεμβάσεις ; 5
Subjects:
Tags: Add Tag
No Tags, Be the first to tag this record!

MARC

LEADER 00000cam a2200000 a 4500
001 1/115633
008 180111t2005####gr | ||| |||| ||gre||
040 |a GR-MyUa  |b gre  |c GR-MyUa  |e AACR2 
041 1 |a gre  |h tur 
082 7 |a 303.482   |2 (23) 
110 2 |a Ινστιτούτο Νίκος Πουλαντζάς. 
245 1 2 |a Ο τουρκικός συντηρητισμός και η ιδέα της Ευρώπης /   |c Χακάν Γιλμάζ ; μετάφραση Παναγιώτης Πάντος.  
260 |a Αθήνα:   |b Ινστιτούτο Νίκος Πουλαντζάς,   |c [2005;].  
300 |a 50 σ. :   |c 21 εκ.  
490 1 |a (Παρεμβάσεις ;   |v 5)  
500 |a Το κείμενο στηρίζεται σε διάλεξη του Γιλμάζ με τίτλο: "Τουρκικές προσλήψεις της Ευρώπης". Αίθουσα Σάκη Καράγιωργα του Παντείου Πανεπιστημίου, 7 Απριλίου 2005. (Συνδιοργάνωση: Ινστιτούτο Νίκος Πουλαντζάς, ΜΠΣ Τμήματος Πολιτικής Επιστήμης και Ιστορίας του Παντείου Πανεπιστημίου). Τα πρακτικά της εκδήλωσης σε ηλεκτρονική μορφή υπάρχουν στον ιστότοπο του Ινστιτούτου Νίκος Πουλαντζάς (www.poulantzas.gr) 
651 0 |a Europe  |x Relations  |z Turkey. 
651 0 |a Turkey  |x Relations  |z Greece. 
700 1 |a Yilmaz, Hakan,  |e spk 
700 1 |a Πάντος, Παναγιώτης,  |e trl 
710 2 |a Ινστιτούτο Νίκος Πουλαντζάς. 
830 0 |a Παρεμβάσεις  |v  ; 5  
852 |a INST  |b CHIOS  |e 20180111  |h 303.482 ΙΝΣ  |p 005200038223  |q 005200038223  |t BK  |y 0 
852 |a INST  |b LESVOS  |e 20220317  |h 327.56104 YIL  |p 005100063631  |q 005100063631  |t BK  |y 0